000 01609nam a2200289 a 4500
999 _c430881
_d430881
003 BLK
005 20250127093003.0
008 180412b bul|||||r ||||||| ||bul||
040 _aBLK
041 _aBUL
_cBUL
080 _aГеография на България
_b913(497.2)
_z913(497.2)
100 1 _aШкорпил, Херменегилд Вацлав
_eпърви автор
_9243719
139 _aШкорпил, Херменегилд Вацлав и др.
_bШ 73
245 1 0 _aГеографията на България от Братя Шкорпилови
_bУчебник за средните уч. заведения
_cХерменегилд Вацлав Шкорпил, Карел Шкорпил
260 _aПловдив
_bХристо Г. Данов
_c1889
300 _a188 с. : с ил.
_c22 см
380 _a91
490 _9435080
_aКолекция Редки и ценни издания
500 _aСъдържа и: Притурка за географията на съседните с България земи / И. Велков.
650 7 _aБългария - география - учебници за средни училища
_2
_9149518
651 4 _aБългария
_9241624
700 _aШкорпил, Карел Вацлав
_d1859 - 1944
_gЧешко-български археолог, един от основателите на българската археология
_eсъавт.
_9300709
852 _aРб 889
_bРц
856 4 _qpdf
_u
942 _cKNG
_n0
_s1
944 _aCR
_c2021-09-02
_k30560
_lГеновева Генчева